000
00255nam a2200097Ia 4500
001
979952
005
20251229153009.0
008
250824s9999 xx 000 0 und d
245
0
_a
MUCİZELER DÜKKANINA DÖNÜŞ
_c
DEBBIE MACOMBER
260
_b
MARTI YAYINCILIK
999
_c
979952
_d
979952